MDQL
is popping MORE tags! Check the
thread
!
Quizzes
Events
Quiz Creation
Community
Videos
Private Events
Remove Ads
Sign In
Join for FREE
Feedback
Dark Mode
Quiz Categories
Sports
Geography
Music
Movies
Television
Just For Fun
Miscellaneous
History
Literature
Language
Science
Gaming
Entertainment
Religion
Holiday
For Kids
Quiz Lab
Recent
Popular Today
Quiz Kudos Today
Editor Picks
Curator Picks
Quizzes by...
Day
Popularity
Type
Ratings
Length
Year
Community
Subscriptions
Recent Discussions
Orange Saloon
Badges
Playlists
Quests
Create
Leaderboards
Showdown
Live 5
Trivia Bingo
Activity
Puzzle Library
Sporcle Events
Private Events
Virtual Trivia
Globe League
Become a Host
Pub Owners
SporcleCon
Opinionation
Our Games
Videos
Blog
Mobile Apps
Partnerships
Remove Ads and Go Orange
Feedback
Movies
Disney
Marvel Cinematic Universe
Movie Resume
Movie Titles
Oscar
Actor
Actress
Director
Pixar
Role
Movie Quotes
Movie Characters
Box Office
Nominee
Best Picture
Star Wars
James Bond
Horror Movies
Movies
Disney
Marvel Cinematic Universe
Movie Resume
Movie Titles
Oscar
Actor
Actress
Director
Pixar
Role
Movie Quotes
Movie Characters
Box Office
Nominee
Best Picture
Star Wars
James Bond
Horror Movies
Random Quiz
Search Sporcle
×
Quiz Lab
Quiz Lab
Movies
Rings Movie
Type in answers that appear in a list
Type in answers that appear in a list
Classic
Best Score? Go Orange.
Lord of the Rings Movies Trivia Stats
Can you name the Lord of the Rings Movies Trivia?
By
joehuskers
15m
111 Questions
547 Plays
547 Plays
547 Plays
Comments
Comments
Give Quiz Kudos
Give Quiz Kudos
-
- Ratings
hide this ad
Random Order
Randomize order of answers
Randomize order of answers
Replay
Link that replays current quiz
Next Quiz
Link to next quiz in quiz playlist
You Got
0%
They Got
Avg Score
65%
Avg Friend Score
Upgrade to see
Score Distribution
Jump to the score distribution portion of the page
Score
0/111
Timer
15:00
0
Plays Today
Hints
Answers
% Correct
Tower of Eye of Sauron
Barad-Dur
89%
Messager for Sauron
Mouth of Sauron
87%
Short race with hairy feet
Hobbits
86.7%
Son of Steward of Gondor who was part of Fellowship
Boromir
85.4%
Was left ring by uncle
Frodo Baggins
85%
Elf of the Fellowship
Legolas Greenleaf
84.8%
Tall, fair, and wise race
Elves
84.5%
Creature who lived under mountains with ring
Gollum
84.1%
Dark Lord who forged the One Ring
Sauron
84.1%
Accompanied the Ring-
bearer to destroy it
Samwise Gamgee
83.9%
King of Gondor and Arnor who was part of the Fellowship
Aragorn II Arathorn
83.4%
King of Rohan
Theoden
82.8%
Main soldiers of Sauron
Orcs
82.8%
Dwarf who was in the Fellowship
Gimli
82.6%
Son of Steward of Gondor; led Rangers
Faramir
82.3%
Found ring under mountains 60 years earlier
Bilbo Baggins
82.1%
Mountain where the ring can be destroyed
Orodruin
82.1%
Kingdom of Balin under mountains
Mines of Moria
81.7%
Wizard who fell to the ring's power
Saruman
81.5%
Giant Spider who lived near Cirith Ungol
Shelob
81.5%
Gift to Ring-
Bearer that gives out light
Phail of Galadriel
81.5%
Wizard who led fellowship up until Moria
Gandalf the Grey
81.4%
Gave gifts to fellowship
Galadriel
81.4%
Riverfolk who killed his friend to get the ring
Smeagol
81.2%
Daughter of Elrond
Arwen
80.6%
Nephew of King of Rohan
Eomer
80.6%
Niece of King of Rohan
Eowyn
80.6%
Friendly flying Creatures
Great Eagles
80.6%
Leader of the tree-
people
Treebeard
80.4%
Homeland of the hobbits
Shire
80.3%
Durin's Bane; fought and killed Gandalf the Grey
Balrog
80.1%
Ring of Power created by Sauron
One Ring
79.7%
Inn in Bree
Prancing Pony
79.7%
Poisoned the King of Rohan for Saruman
Grima Wormtongue
79.3%
Swore allegiance to steward of Gondor
Peregrin Took
79%
Short and stocky race
Dwarves
78.6%
Cross bred Orcs that were much more powerfull
Uruk-Hai
77.9%
Hints
Answers
% Correct
Father of the dwarf in the Fellowship
Gloin
77.9%
Capital city of Gondor
Minas Tirith
77.5%
Race that lived in Rohan and Gondor
Men
77.3%
King of Gondor and Arnor who killed Sauron
Isildur
77.3%
Age of Bilbo at the time of his party
Elevendy-One
77.3%
Greatest kingdom of Men in Middle-
Earth
Gondor
76.4%
Uruk-
Hai leader who killed Boromir
Lurtz
76.4%
Main way to get into Mordor
Black Gate
76.2%
Sword given to Ring-
bearer by his uncle
Sting
75.7%
Sauron's Lieutennant and Leader of Nazgul
Witch-King of Angmar
75.5%
Kingdom of Men who rode horses
Rohan
75.1%
Steward of Gondor
Denethor
75.1%
Fortress where Rohirrim fall back to
Helm's Deep
74.4%
Dwarf lord of Moria
Balin
74.2%
Shepherds of the forest
Ents
74%
Wolf-
like creatures
Wargs
73.1%
Forest where Ents lived
Fangorn Forest
73.1%
Town in the Shire
Hobbiton
72.4%
Mineral mined in Moria, Stronger than Steel
Mithril
72.2%
Stayed in Rohan after helping to destroy Isengard
Meriadoc Brandybuck
71.5%
Undead Kings of men corrupted by Sauron
Nazgul
70.6%
Creatures that overran Moria
Goblins
69.3%
Men sized race, but with magical abilities
Istari
68.7%
Troll that lives in caves
Cave-troll
68.6%
Elf who came to aid at Helm's Deep
Haldir
68.2%
City of Gondor, first defense against Mordor
Osgiliath
67.8%
Son of King of Rohan
Theodred
67.5%
Abandoned fortress where Ring-
bearer was stabbed
Amon sul or Weathertop
67.5%
Forest home to Elves
Lothlorien Forest
66.7%
Gift to Fellowship that helps them hide
Elven Cloak
66%
Age Lord of the Rings takes Place
Third
64.9%
Leader at Last Homely House
Elrond
64.7%
Elven bread
Lembas Breas
64.5%
People from Rohan
Rohirrim
64.4%
Village in Middle-
Earth east of the Shire
Bree
64.4%
Lord of Lothlorien
Celeborn
64.2%
Chased hobbits out of his crop
Farmer Maggot
64%
Hints
Answers
% Correct
Seeing stone used By Saruman
Palantir
61.6%
Bar in Hobbiton
Green Dragon
61.4%
Riverfolk who found ring in the Gladden river
Deagol
61.2%
City-
fortress of Mordor; Home of the Nine
MInas Morgul
61.1%
Pass into Mordor; Shelob's lair
Cirith Ungol
57.8%
Battlefield outside of Minas Tirith
Pelennor Fields
57.4%
Mountain range running North to South
Misty Mountains
57.2%
Sword that was broken, then reforged
Narsil
57.2%
Large creatures rode by Easterlings
Oliphants or Mumakil
55.6%
Capitol city of Rohan
Edoras
54.5%
Tower at Isengard
Orthanc
53.7%
Relative of Bilbo who wants Bag End
Lobelia Sackville-Baggins
52.7%
King of Gondor and Arnor who was killed by Sauron
Elendil
52.7%
Creature that lives outside gates of Moria
Watcher in the Water
50.5%
Ancient battleground, now flooded
Dead Marshes
50.1%
Place where people travel to Undying Lands
Grey Havens
47.9%
Base of operations for white council
Isengard
46.4%
River running through Gondor and Rohan
Anduin
45.9%
Orc commander who led Siege of Minas Tirith
Gothmog
45.7%
Place where Boromir was killed
Amon Hen
42.8%
Captain of Guard in Rohan's capitol
Hama
42.4%
Force called on by Sauron from the East
Easterlings
42.2%
Place where Gandalf the Grey fought the Balrog
Bridge of Khazad-dum
41.3%
Bartender at Green Dragon
Rosie Cotton
40.2%
Pass that Fellowship tried to take over mountains
Caradhras
37.1%
Crow-
like spies of Saruman
Crebain from Dunland
36.9%
Uruk-
hai Captain at Cirith Ungol
Shagrat
36.2%
Captain of Rohan
Gamling
35.3%
Leader of the friendly flying creatures
Gwaihir
34%
Fields where Isildur lost the ring
Gladden Fields
31.6%
Orc captain at Cirith Ungol
Gorbag
29.6%
leader of Uruk-
hai after Lurtz was killed
Ugluk
28.5%
Orc who tried to kill Merry and Pippin
Grishnakh
28.2%
Ferry used to cross Brandywine river
Bucklebury Ferry
28%
Place where Sauron was defeated at first
Gorgoroth Fields
26.7%
Elf captain at Gorgoroth plateau
Gil-Galad
24.9%
Frodo Is Great, Who Is That?
FIgwit
23.8%
Quiz Playlist
Details
Report
Send in Message
Add To Playlist
Classic:
Type in answers that appear in a list
Random Order:
Randomize order of answers
Last Updated: Feb 16, 2017
Quiz Scoreboard
CHALLENGE
Sign Up to Join the Scoreboard
Show All
Scores
Hide
Comments
May contain spoilers
Recently Published
Image Sorting: Flags VI
by Barbecue
Geography
2m
Find the 'City' Movie
by crazypaving
Movies
60s
Colored Red Africa Blitz
by spor1
Geography
45s
More to Explore
Quiz From the Vault
Featured Blog Post
14 Easter Pick-up Lines to Find Eggs With
hide this ad
You Might Also Like...
Tags
lord
Ring
Rings Movie
Today's Top Quizzes in Movies
Browse Movies
hide this ad
Top Contributed Quizzes in Movies
1
Find The 'Big' Movie
2
Find The 'Blue' Movie
3
Find The 'Wild' Movie
4
Movies By Plot
5
The ultimate James Bond movie quiz
6
Hidden Star Wars Character II
7
Pick 5 Posters: Directed by Spielberg
8
Hidden Star Wars Character III
9
Hidden Star Wars Character IV
10
25 Best Actor Nominees (1990s)
Explore More
Trending Topics
Crossword
Harry Potter
NBA
Anime
Kpop
Marvel
Disney
NFL
Pokémon
Country
Soccer
Puzzle
The Office
Song
WWE
hide this ad
More By:
joehuskers
Quiz
Plays
Rating
Category
Featured
Created
Lord of the Rings Movies Trivia
547
3.60
Movies
Mar 24, 2013
College Football teams by ESPN scorll abbreviation
441
2.00
Sports
Dec 27, 2012
Go to Creator's Profile
Score Distribution
Quiz Creator Spotlight
joehuskers
Follow
Send a Message
Quizzes Created
-
Created Quiz Play Count
-
More By This Creator
Popular Quizzes Today
1
Colored Red Africa Blitz
2
Find the US States - No Outlines Minefield
3
Find the 'City' Movie
4
5x2 Blitz: Bands
5
The Countries of the World
6
Find the US States
7
Find the Countries of Europe - No Outlines Minefield
8
US States
More Movies Quizzes
Lord of the Rings Scenes Featuring Gimli
Curator's Pick
Trending Quizzes
Colored Red Europe Blitz I
Colored Red Europe Blitz II
Colored Red Africa Blitz II
Colored Red Europe Blitz III
Colored Red Africa Blitz III
Recently Updated
How Do You Spell That?
pecheneg
Godzilla Movies
pecheneg
Grab Bag: 4-10 Letters
pecheneg
2024 March Madness Bracket
pecheneg
Famous TV Couples
Peacemaker
Champions League XIs: Real Madrid
pecheneg
Largest US Cities 1790-2010
pecheneg
Rides in Walt Disney World
pecheneg
Most Oscar Losses (Acting)
pecheneg
Beyoncé Albums
pecheneg
Trending Topics
NBA
Marvel
Harry Potter
Anime
Disney
Kpop
Crossword
WWE
Country
Song
Puzzle
NFL
Pokémon
The Office
Soccer
Your Account Isn't Verified!
In order to create a playlist on Sporcle, you need to verify the email address you used during registration. Go to your
Sporcle Settings
to finish the process.
Report this User
Report this user for behavior that violates our
Community Guidelines
.
Details:
Send Report
Go to the Sporcle.com Mobile Site →
Comments